Namaskar! Xin chào Ấn Độ
Phác họa đất nước Ấn Độ khái quát từ chiều dài lịch sử đến bề rộng, chiều sâu về văn hóa, tôn giáo. Tác giả viết miêu tả các miền văn hóa Ấn Độ; về tính cách Ấn, biên khảo về phong tục, tập quán và đời sống muôn mặt; đề cập...
Bewaard in:
| Hoofdauteur: | |
|---|---|
| Formaat: | Boek |
| Taal: | Undetermined |
| Gepubliceerd in: |
Thành phố Hồ Chí Minh
Trẻ
2020
|
| Onderwerpen: | |
| Tags: |
Voeg label toe
Geen labels, Wees de eerste die dit record labelt!
|
| Thư viện lưu trữ: | Trung tâm Học liệu Trường Đại học Cần Thơ |
|---|
| LEADER | 01146nam a2200217Ia 4500 | ||
|---|---|---|---|
| 001 | CTU_236936 | ||
| 008 | 210402s9999 xx 000 0 und d | ||
| 020 | |c 130000 | ||
| 082 | |a 954 | ||
| 082 | |b Th103 | ||
| 100 | |a Hồ, Anh Thái | ||
| 245 | 0 | |a Namaskar! Xin chào Ấn Độ | |
| 245 | 0 | |c Hồ Anh Thái | |
| 260 | |a Thành phố Hồ Chí Minh | ||
| 260 | |b Trẻ | ||
| 260 | |c 2020 | ||
| 520 | |a Phác họa đất nước Ấn Độ khái quát từ chiều dài lịch sử đến bề rộng, chiều sâu về văn hóa, tôn giáo. Tác giả viết miêu tả các miền văn hóa Ấn Độ; về tính cách Ấn, biên khảo về phong tục, tập quán và đời sống muôn mặt; đề cập tôn giáo, lịch sử... xâu chuỗi những nét đa dạng của văn hóa Ấn, giải mã cái bí ẩn khôn cùng của nền văn hóa Ấn Độ | ||
| 650 | |a Ấn Độ,India | ||
| 650 | |x Lịch sử,History | ||
| 910 | |b nthai | ||
| 980 | |a Trung tâm Học liệu Trường Đại học Cần Thơ | ||